2011 YA Book Debuts Quiz Stats

 Plays Quiz not verified by Sporcle

Score 0/12 Timer 02:00
0 Plays Today
Author Book Title % Correct
RothDivergent
95.2%
MafiShatter Me
56.5%
DeStefanoWither
45.2%
RevisAcross The Universe
43.5%
BlakeAnna Dressed In Blood
19.4%
DixonEntwined
12.9%
PlumDie For Me
11.3%
JordanFirelight
8.1%
McEntireHourglass
6.5%
SchwabThe Near Witch
4.8%
KnightWildefire
0%
KeatonDarkness Becomes Her
0%

You're not logged in!

Compare scores with friends on all Sporcle quizzes.
Join for Free
OR
Log In

You Might Also Like...

Show Comments

Extras

Top Quizzes Today


Score Distribution

Your Account Isn't Verified!

In order to create a playlist on Sporcle, you need to verify the email address you used during registration. Go to your Sporcle Settings to finish the process.

Report this User

Report this user for behavior that violates our Community Guidelines.

Details: